000 00674nam a22001817a 4500
003 UA-OsUOA
001 15834
007 ta
008 20031209b un ||||| |||| 00| 0 ukr d
100 _aСтецюк Т.
942 _cSA
040 _aUA-OsUOA
_cUA-OsUOA
_dUA-OsUOA
245 _aВ "Укртелекомі" працюють на перспективу
_b[Про роботу колективу Рівнен. дирекції відкритого акціонер. т-ва "Укртелеком"]
300 _aС.1
955 _a0
773 0 _w0
_tЗа відродження
_dРівне
_d2003
_g№46/14 листоп./
650 7 _aЗв'язок
_2UDC
999 _c301999
_d301999